Hudson Westbrook- House again - Statistics

General Stats
  • This quiz has been taken 68 times
  • The average score is 241 of 306
Answer Stats
Answer % Correct
a
97%
I
97%
house
94%
again
91%
an
88%
and
88%
be
88%
Be
88%
just
88%
the
88%
you
88%
dance
85%
do
85%
door
85%
four
85%
kitchen
85%
no
85%
on
85%
this
85%
to
85%
To
85%
used
85%
Used
85%
walls
85%
all
82%
empty
82%
hall
82%
lights
82%
now
82%
rest
82%
at
79%
dont
79%
don't
79%
get
79%
home
79%
its
79%
made
79%
my
79%
of
79%
when
79%
where
79%
anymore
76%
by
76%
doorbell
76%
front
76%
head
76%
is
76%
lay
76%
music
76%
off
76%
ring
76%
there
76%
two
76%
Well
76%
your
76%
boots
73%
concrete
73%
in
73%
porch
73%
swing
73%
aint
70%
blue
70%
bringing
70%
did
70%
left
70%
mailbox
70%
numbers
70%
perfume
70%
window
70%
but
67%
eyes
67%
out
67%
pillow
67%
wood
67%
day
64%
guess
64%
should've
64%
shouldve
64%
Street
64%
with
64%
go
61%
hear
61%
hell
61%
new
61%
through
61%
what
61%
baby
58%
echo
58%
right
58%
saying
58%
were
55%
goodbye
52%
place
52%
recognize
52%
without
48%
even
45%
these
45%
would
45%
wouldnt
45%
back
42%
came
42%
days
39%
if
39%
surprised
30%
cause
24%
I'll
21%
No matching quizzes found
Score Distribution
Percent of People with Each Score
Percentile by Number Answered
Your Score History
You have not taken this quiz